<?xml version="1.0" encoding="UTF-8"?>
<record
    xmlns:xsi="http://www.w3.org/2001/XMLSchema-instance"
    xsi:schemaLocation="http://www.loc.gov/MARC21/slim http://www.loc.gov/standards/marcxml/schema/MARC21slim.xsd"
    xmlns="http://www.loc.gov/MARC21/slim">

  <leader>00550cam a22001932  4500</leader>
  <controlfield tag="001">0000000430</controlfield>
  <controlfield tag="005">20170406112612.0</controlfield>
  <controlfield tag="008">131108s        xx            000 0 eng d</controlfield>
  <datafield tag="020" ind1=" " ind2=" ">
    <subfield code="c">$</subfield>
  </datafield>
  <datafield tag="040" ind1=" " ind2=" ">
    <subfield code="a">Your Holding Symbol</subfield>
    <subfield code="c">Your Holding Symbol</subfield>
  </datafield>
  <datafield tag="100" ind1="1" ind2=" ">
    <subfield code="a">Hussong,M.A.</subfield>
  </datafield>
  <datafield tag="245" ind1="1" ind2="0">
    <subfield code="a">Administrators manual for 16pf.</subfield>
  </datafield>
  <datafield tag="250" ind1=" " ind2=" ">
    <subfield code="a">  ed.</subfield>
  </datafield>
  <datafield tag="260" ind1=" " ind2=" ">
    <subfield code="a">institute for personality and ability :</subfield>
    <subfield code="b">testing inc,</subfield>
    <subfield code="c">1972.</subfield>
  </datafield>
  <datafield tag="300" ind1=" " ind2=" ">
    <subfield code="a">123  p. ;</subfield>
    <subfield code="c">  cm.</subfield>
  </datafield>
  <datafield tag="591" ind1=" " ind2=" ">
    <subfield code="a">2003</subfield>
    <subfield code="b">donation</subfield>
  </datafield>
  <datafield tag="650" ind1=" " ind2="0">
    <subfield code="a">factor qustionnaire.</subfield>
  </datafield>
  <datafield tag="908" ind1=" " ind2=" ">
    <subfield code="a">131108</subfield>
  </datafield>
  <datafield tag="999" ind1=" " ind2=" ">
    <subfield code="c">362</subfield>
    <subfield code="d">362</subfield>
  </datafield>
  <datafield tag="952" ind1=" " ind2=" ">
    <subfield code="0">0</subfield>
    <subfield code="1">0</subfield>
    <subfield code="2">lcc</subfield>
    <subfield code="4">0</subfield>
    <subfield code="7">0</subfield>
    <subfield code="a">HRE</subfield>
    <subfield code="b">HRE</subfield>
    <subfield code="c">GEN</subfield>
    <subfield code="d">2017-04-06</subfield>
    <subfield code="l">0</subfield>
    <subfield code="o">BF 69855A17 A</subfield>
    <subfield code="p">BK0000411</subfield>
    <subfield code="r">2025-05-22</subfield>
    <subfield code="t">CUZ111948</subfield>
    <subfield code="w">2017-04-06</subfield>
    <subfield code="y">OS</subfield>
  </datafield>
</record>
